=LDR 00000nam 2200000 4500 =001 INLIS000000000023517 =005 20130612122157 =008 ***********************************Ind** =035 ##$$0010-061300000023517 =041 ##$$a Ind =082 ##$$a 398.3 =090 ##$$a 398.3, Rah d =100 ##$$a Rahimsyah, MB =245 ##$$a Dongeng anak indonesia, MB. Rahimsyah =260 ##$$a 2003 $b Surabaya =300 ##$$a 128 hlm, ilus, 21 cm =650 ##$$a Dongeng =850 ##$$a NBPNMAT